000 01709nam a2200241Ia 4500
008 260220t1963||||xx |||||||||||||| ||spa||
040 _aPY-SlUNAC
_bspa
_erda
041 _aspa
082 _a574.03
_bB515g
100 _aBague, Jaime
_eAutor
245 0 _aGlosario de biología animal :
_binglés - español /
_cpor Jaime Bague [Autor]
264 _aCiudad de México :
_bAID,
_c℗1963.
300 _a1 volumen
520 _aEl "Glosario de biología animal: inglés-español" de Jaime Bague es una obra fundamental para estudiantes y profesionales de la biología que buscan familiarizarse con la terminología específica del campo en dos idiomas. Publicado en 1963, este glosario compila una amplia gama de términos relacionados con la biología animal, facilitando la comprensión y el aprendizaje de conceptos clave. Su enfoque bilingüe permite a los usuarios no solo traducir términos, sino también entender su aplicación en contextos científicos, lo que es especialmente útil en un mundo cada vez más globalizado. La obra se destaca por su claridad y precisión, ofreciendo definiciones accesibles que abarcan desde la anatomía hasta la ecología, lo que la convierte en una herramienta valiosa para la educación y la investigación. En resumen, este glosario es un recurso esencial que apoya la formación académica y profesional en biología animal, promoviendo el intercambio de conocimientos entre hablantes de inglés y español.
653 _aBiología
653 _aTerminología
653 _aZoología
942 _b2026/02/17
_cBK
999 _c8120
_d8120